| 000 | 00553nam a2200169Ia 4500 | ||
|---|---|---|---|
| 003 | IN-BaIIA | ||
| 008 | 211028s9999 xx 000 0 eng d | ||
| 040 | _cIIA Library | ||
| 080 |
_a681.31.04 _bICM-1 |
||
| 245 | 0 |
_aIC Master _bvol. 1, selection guides and function Index _cedited by David M. Howell |
|
| 260 |
_aNew York _bHearst Business Communications _c1993 |
||
| 300 | _a3v. (1410p.) | ||
| 650 |
_aIntegrated circuits _93314 |
||
| 650 | _aNASA Thesaurus | ||
| 700 |
_aHowell, David M., ed. _918374 |
||
| 942 | _cBK | ||
| 999 |
_c10761 _d10761 |
||